000
00460nam a2200133Ia 4500
008
100328s9999 xx 000 0 und d
082
_b
17157
100
_a
टंडन शिवनारायण
245
_a
जीवन की एक झलक
260
_b
महाराष्ट्र राष्ट्रभाषा सभा
630
_a
जीवन की एक झलक
730
_a
जीवन की एक झलक
942
_c
BOOK
999
_c
511772
_d
511769